[Event "CZE-chT2F 1819"]
[Site "Czech Republic"]
[Date "2019.02.10"]
[Round "8.2"]
[White "Dubinski, Mateusz"]
[Black "Muratidis, Nikos"]
[Result "1/2-1/2"]
[WhiteElo "2308"]
[BlackElo "2166"]
[PlyCount "106"]
[EventDate "2018.10.14"]
[EventType "team-tourn"]
[EventRounds "11"]
[EventCountry "CZE"]
[SourceTitle "EXT 2022"]
[Source "ChessBase"]
[SourceDate "2021.10.06"]
[SourceVersion "1"]
[SourceVersionDate "2021.10.06"]
[SourceQuality "1"]
[WhiteTeam "Vrbno pod Pradedem"]
[BlackTeam "Opava KVS"]
[WhiteTeamCountry "CZE"]
[BlackTeamCountry "CZE"]

1. d4 c6 2. c4 d5 3. Nf3 Nf6 4. e3 Bg4 5. h3 Bxf3 6. Qxf3 e6 7. Nc3 Bb4 8. Bd3 0-0 9. 0-0 Nbd7 10. Bd2 e5 11. cxd5 cxd5 12. dxe5 Nxe5 13. Qe2 d4 14. exd4 Qxd4 15. Bb5 Ng6 16. Rad1 Qh4 17. Be3 Bxc3 18. bxc3 Qe4 19. Rd4 Qe7 20. Bg5 Qc5 21. Bxf6 gxf6 22. Bc4 Rac8 23. Rfd1 Rc7 24. Qf3 Kg7 25. h4 b5 26. Bb3 Qxc3 27. Qg4 h5 28. Qxh5 Rh8 29. Qxb5 Rxh4 30. R4d3 Qb2 31. R3d2 Qa3 32. Rd7 Rxd7 33. Qxd7 Ne5 34. Qd6 Qb2 35. Qc5 Qe2 36. Qe3 Qh5 37. f3 Rh1+ 38. Kf2 Qh4+ 39. Ke2 Rh2 40. Kf1 Ng6 41. Qxa7 Ne5 42. Qf2 Qh5 43. Qg3+ Ng6 44. Rd5 Rh1+ 45. Ke2 Qh8 46. Rd1 Rh5 47. Kf2 Rg5 48. Qh3 Qb8 49. Rh1 Qb6+ 50. Kf1 Qb5+ 51. Kf2 Qc5+ 52. Kf1 Qc1+ 53. Kf2 Qd2+ 1/2-1/2

[Event "CZE-chT2F 1819"]
[Site "Czech Republic"]
[Date "2018.10.14"]
[Round "1.3"]
[White "Muratidis, Nikos"]
[Black "Kolar, Stanislav"]
[Result "0-1"]
[WhiteElo "2185"]
[BlackElo "2031"]
[PlyCount "86"]
[EventDate "2018.10.14"]
[EventType "team-tourn"]
[EventRounds "11"]
[EventCountry "CZE"]
[SourceTitle "EXT 2022"]
[Source "ChessBase"]
[SourceDate "2021.10.06"]
[SourceVersion "1"]
[SourceVersionDate "2021.10.06"]
[SourceQuality "1"]
[WhiteTeam "Opava KVS"]
[BlackTeam "Havirov Banik"]
[WhiteTeamCountry "CZE"]
[BlackTeamCountry "CZE"]

1. Nf3 Nf6 2. d4 e6 3. Bg5 c5 4. Bxf6 gxf6 5. c3 Qb6 6. Qc2 d5 7. Nbd2 Nc6 8. e3 Bd7 9. Rc1 Rc8 10. Qb1 cxd4 11. Nxd4 Nxd4 12. cxd4 Bb4 13. Rxc8+ Bxc8 14. Qc2 Bd7 15. a3 Bd6 16. Bd3 Ke7 17. 0-0 Rc8 18. Qb1 a5 19. Nf3 f5 20. Rc1 Rg8 21. Qc2 f6 22. Qd2 a4 23. g3 e5 24. dxe5 fxe5 25. Bb1 Be6 26. Ba2 f4 27. Bxd5 Bxd5 28. Qxd5 fxe3 29. fxe3 Qxe3+ 30. Kg2 Qxc1 31. Qxg8 Qxb2+ 32. Kh3 Qb1 33. Qg7+ Ke6 34. Ng5+ Kd5 35. Qf7+ Kd4 36. Nxh7 Qb3 37. Qf2+ Kc3 38. Ng5 Qd5 39. Qe1+ Kb3 40. Qb1+ Kxa3 41. Ne4 Qe6+ 42. Kh4 Be7+ 43. Kh5 Qf5+ 0-1

[Event "CZE-chT1E 1617"]
[Site "Czech Republic"]
[Date "2017.04.09"]
[Round "11.6"]
[White "Mrva, Marek"]
[Black "Muratidis, Nikos"]
[Result "1-0"]
[WhiteElo "2220"]
[BlackElo "2196"]
[PlyCount "47"]
[EventDate "2016.10.16"]
[EventType "team-tourn"]
[EventRounds "11"]
[EventCountry "CZE"]
[SourceTitle "CBM 177 Extra"]
[Source "ChessBase"]
[SourceDate "2017.04.27"]
[SourceVersion "1"]
[SourceVersionDate "2017.04.27"]
[SourceQuality "1"]
[WhiteTeam "Ostrava"]
[BlackTeam "Opava KVS"]
[WhiteTeamCountry "CZE"]
[BlackTeamCountry "CZE"]

1. e4 c6 2. d4 d5 3. f3 dxe4 4. fxe4 e5 5. Nf3 Bg4 6. Bc4 Bxf3 7. Qxf3 Nf6 8. dxe5 Qa5+ 9. Nc3 Qxe5 10. Bf4 Qd4 11. e5 Qxc4 12. exf6 Nd7 13. 0-0-0 0-0-0 14. Rhe1 Bb4 15. fxg7 Rhg8 16. Re4 Qc5 17. Rxb4 Qxb4 18. Ne4 f6 19. Nd6+ Kc7 20. a3 Qa4 21. Nf7+ Kc8 22. Nxd8 Rxd8 23. Rxd7 Kxd7 24. Qg4+ 1-0

[Event "CZE-chT1E 1617"]
[Site "Czech Republic"]
[Date "2017.02.19"]
[Round "8.3"]
[White "Muratidis, Nikos"]
[Black "Kolar, Stanislav"]
[Result "1/2-1/2"]
[WhiteElo "2196"]
[BlackElo "2053"]
[PlyCount "21"]
[EventDate "2016.10.16"]
[EventType "team-tourn"]
[EventRounds "11"]
[EventCountry "CZE"]
[SourceTitle "CBM 177 Extra"]
[Source "ChessBase"]
[SourceDate "2017.04.27"]
[SourceVersion "1"]
[SourceVersionDate "2017.04.27"]
[SourceQuality "1"]
[WhiteTeam "Opava KVS"]
[BlackTeam "Havirov Banik"]
[WhiteTeamCountry "CZE"]
[BlackTeamCountry "CZE"]

1. Nf3 Nf6 2. d4 e6 3. Bf4 b6 4. e3 Bb7 5. Nbd2 Be7 6. h3 0-0 7. c3 c5 8. Bd3 cxd4 9. exd4 d6 10. 0-0 Nc6 11. Qe2 1/2-1/2

[Event "CZE-chT1E 1415"]
[Site "Czech Republic"]
[Date "2014.12.07"]
[Round "4.6"]
[White "Muratidis, Nikos"]
[Black "Buran, Jaroslav"]
[Result "1/2-1/2"]
[WhiteElo "2184"]
[BlackElo "2211"]
[PlyCount "40"]
[EventDate "2014.10.19"]
[EventType "team-tourn"]
[EventRounds "11"]
[EventCountry "CZE"]
[SourceTitle "CBM 163 Extra"]
[Source "ChessBase"]
[SourceDate "2014.12.23"]
[SourceVersion "1"]
[SourceVersionDate "2014.12.23"]
[SourceQuality "1"]
[WhiteTeam "Opava"]
[BlackTeam "Stare Mesto"]
[WhiteTeamCountry "CZE"]
[BlackTeamCountry "CZE"]

1. Nf3 d5 2. d4 Nf6 3. e3 b6 4. c4 e6 5. Nc3 Be7 6. Be2 0-0 7. 0-0 dxc4 8. Bxc4 Bb7 9. Qe2 Ne4 10. Nxe4 Bxe4 11. b3 Nd7 12. Rd1 a5 13. Bb2 Bd6 14. d5 e5 15. Bb5 Bxf3 16. Qxf3 f5 17. Qg3 Nf6 18. f3 Qe7 19. Qh3 Bc5 20. Kh1 Ne8 1/2-1/2

[Event "CZE-chT2F 1314"]
[Site "Czech Republic"]
[Date "2014.03.02"]
[Round "9.55"]
[White "Muratidis, Nikos"]
[Black "Kocian, Miroslav"]
[Result "1-0"]
[WhiteElo "2194"]
[BlackElo "2015"]
[PlyCount "93"]
[EventDate "2013.11.03"]
[EventType "team-tourn"]
[EventRounds "11"]
[EventCountry "CZE"]
[SourceTitle "EXT 2016"]
[Source "ChessBase"]
[SourceDate "2015.10.08"]
[SourceVersion "1"]
[SourceVersionDate "2015.10.08"]
[SourceQuality "1"]
[WhiteTeam "Opava KVS"]
[BlackTeam "Zlin II"]
[WhiteTeamCountry "CZE"]
[BlackTeamCountry "CZE"]

1. Nf3 Nf6 2. d4 g6 3. c4 c5 4. e3 Bg7 5. Nc3 0-0 6. Be2 cxd4 7. Nxd4 Nc6 8. 0-0 b6 9. b3 Nxd4 10. Qxd4 Bb7 11. Bb2 Rc8 12. Rad1 d6 13. Qh4 Re8 14. Rd2 Rc5 15. f4 Qa8 16. Qf2 h5 17. Bf3 Ne4 18. Bxe4 Bxe4 19. Nxe4 Qxe4 20. Bxg7 Kxg7 21. Rd4 Qe6 22. e4 f5 23. exf5 Qxf5 24. Re1 Rc7 25. Rxd6 Rf8 26. Rde6 Rf7 27. Qd4+ Kh7 28. g3 h4 29. Qe4 hxg3 30. hxg3 Qg4 31. Kg2 Rd7 32. Rh1+ Kg7 33. Qe5+ Rf6 34. Rxe7+ Rxe7 35. Qxe7+ Rf7 36. Qe5+ Rf6 37. Re1 Qc8 38. Rd1 Kf7 39. Qd5+ Kf8 40. Qd8+ Qxd8 41. Rxd8+ Ke7 42. Rd5 a5 43. Kf3 Rc6 44. Ke4 Kf6 45. g4 Ke6 46. g5 Ke7 47. f5 1-0

[Event "CZE-chT2F 1314"]
[Site "Czech Republic"]
[Date "2014.02.02"]
[Round "7.64"]
[White "Surman, Martin"]
[Black "Muratidis, Nikos"]
[Result "1/2-1/2"]
[WhiteElo "2191"]
[BlackElo "2194"]
[PlyCount "24"]
[EventDate "2013.11.03"]
[EventType "team-tourn"]
[EventRounds "11"]
[EventCountry "CZE"]
[SourceTitle "EXT 2016"]
[Source "ChessBase"]
[SourceDate "2015.10.08"]
[SourceVersion "1"]
[SourceVersionDate "2015.10.08"]
[SourceQuality "1"]
[WhiteTeam "Mosty u Jablunkova"]
[BlackTeam "Opava KVS"]
[WhiteTeamCountry "CZE"]
[BlackTeamCountry "CZE"]

1. e4 c6 2. d4 d5 3. Nc3 dxe4 4. Nxe4 Nf6 5. Ng3 Bg4 6. N1e2 Bxe2 7. Bxe2 e6 8. Bf3 Bd6 9. c4 Qa5+ 10. Bd2 Bb4 11. a3 Bxd2+ 12. Qxd2 Qxd2+ 1/2-1/2

[Event "CZE-chT2F 1314"]
[Site "Czech Republic"]
[Date "2013.12.15"]
[Round "4.25"]
[White "Muratidis, Nikos"]
[Black "Svancara, Petr"]
[Result "0-1"]
[WhiteElo "2194"]
[BlackElo "2094"]
[PlyCount "86"]
[EventDate "2013.11.03"]
[EventType "team-tourn"]
[EventRounds "11"]
[EventCountry "CZE"]
[SourceTitle "EXT 2016"]
[Source "ChessBase"]
[SourceDate "2015.10.08"]
[SourceVersion "1"]
[SourceVersionDate "2015.10.08"]
[SourceQuality "1"]
[WhiteTeam "Opava KVS"]
[BlackTeam "Olomouc Garde"]
[WhiteTeamCountry "CZE"]
[BlackTeamCountry "CZE"]

1. d4 Nf6 2. Nf3 e6 3. Bg5 Be7 4. Nbd2 c5 5. e3 b6 6. Bd3 Bb7 7. 0-0 cxd4 8. exd4 0-0 9. c3 d6 10. Qe2 Nbd7 11. Rfe1 Qc7 12. Rad1 Rfe8 13. Nf1 Bf8 14. Ng3 Rac8 15. Bb5 Bc6 16. Bd3 Rb8 17. Ne4 Nxe4 18. Bxe4 Bxe4 19. Qxe4 b5 20. Bf4 Nf6 21. Qd3 Qc4 22. Qb1 Rb7 23. Bg5 Nd5 24. Bd2 Rc8 25. Ng5 Nf6 26. Ne4 Nxe4 27. Rxe4 a5 28. Rh4 g6 29. b3 Qd5 30. Qd3 f5 31. Rh3 Bg7 32. Bh6 Bf6 33. Qd2 a4 34. bxa4 bxa4 35. Qe2 Rcb8 36. c4 Qe4 37. Re3 Qg4 38. f3 Qh4 39. Rxe6 Bxd4+ 40. Be3 Rb1 41. g3 Bxe3+ 42. Rxe3 Qd4 43. Kg2 Rxd1 0-1

[Event "CZE-chT2f 0607"]
[Site "Czech Republic"]
[Date "2007.02.10"]
[Round "7.2"]
[White "Jasny, Stanislav"]
[Black "Muratidis, Nikos"]
[Result "1/2-1/2"]
[WhiteElo "2331"]
[BlackElo "2201"]
[PlyCount "124"]
[EventDate "2006.10.14"]
[EventType "team"]
[EventRounds "11"]
[EventCountry "CZE"]
[SourceTitle "EXT 2009"]
[Source "ChessBase"]
[SourceDate "2008.11.26"]
[SourceVersion "1"]
[SourceVersionDate "2008.11.26"]
[SourceQuality "1"]

1. d4 Nf6 2. c4 e6 3. Nf3 d5 4. Nc3 c5 5. cxd5 Nxd5 6. e4 Nxc3 7. bxc3 cxd4 8. cxd4 Bb4+ 9. Bd2 Qa5 10. Rb1 Bxd2+ 11. Qxd2 Qxd2+ 12. Kxd2 b6 13. Bd3 Ba6 14. Rhc1 Bxd3 15. Kxd3 0-0 16. Rb2 Rd8 17. Ke3 Na6 18. Ne5 f6 19. Nd3 Rac8 20. Rbc2 Rxc2 21. Rxc2 Kf7 22. Rc6 Nb8 23. Rc7+ Rd7 24. Rc8 Na6 25. f4 Ke7 26. g4 Rd8 27. Rc1 Rd7 28. f5 Rc7 29. Rxc7+ Nxc7 30. fxe6 Nxe6 31. d5 Nd8 32. Kd4 Nf7 33. a4 Kd6 34. Nf4 Ne5 35. h3 g6 36. Ne2 a6 37. Nc3 Nf7 38. Na2 Ng5 39. Nb4 Nxh3 40. Nxa6 Ng5 41. Nb4 h5 42. gxh5 gxh5 43. Nd3 h4 44. Nf2 h3 45. Nh1 h2 46. Ng3 Nf3+ 47. Ke3 Ne5 48. Kf2 Nd3+ 49. Kg2 Nc5 50. Kxh2 Nxa4 51. Kg2 Ke5 52. Kf3 Nc5 53. Ke3 b5 54. Kd2 Kf4 55. Ne2+ Ke5 56. Ng3 Kd4 57. Kc2 b4 58. Nh5 Ke5 59. Ng3 Kd4 60. Nh5 b3+ 61. Kb2 Kc4 62. d6 Kd4 1/2-1/2

[Event "CZE-chT2f 0506"]
[Site "Czech Republic"]
[Date "2006.04.09"]
[Round "11.2"]
[White "Slanina, Miroslav"]
[Black "Muratidis, Nikos"]
[Result "0-1"]
[WhiteElo "2174"]
[BlackElo "2190"]
[PlyCount "64"]
[EventDate "2005.10.16"]
[EventType "team"]
[EventRounds "11"]
[EventCountry "CZE"]
[SourceTitle "EXT 2009"]
[Source "ChessBase"]
[SourceDate "2008.11.26"]
[SourceVersion "1"]
[SourceVersionDate "2008.11.26"]
[SourceQuality "1"]

1. e4 c6 2. d4 d5 3. exd5 cxd5 4. Bd3 Nc6 5. c3 e5 6. dxe5 Nxe5 7. Bb5+ Nc6 8. Nf3 Nf6 9. Bg5 Be7 10. 0-0 0-0 11. Nbd2 Qb6 12. Qe2 Be6 13. Nb3 a6 14. Ba4 Rfe8 15. Nbd4 Bg4 16. Qc2 h6 17. Be3 Qc7 18. Nxc6 bxc6 19. Nd4 Bd7 20. Nb3 Ng4 21. g3 Nxe3 22. fxe3 Bg5 23. Nd4 Bxe3+ 24. Kg2 Re4 25. Qd3 Bxd4 26. cxd4 Qb6 27. Bc2 Qxb2 28. Rab1 Qxd4 29. Qf3 Re7 30. Rb7 Bh3+ 31. Kxh3 Rxb7 32. Qf5 g6 0-1

[Event "MOR-chT 0203"]
[Site "Moravia"]
[Date "2003.01.05"]
[Round "5"]
[White "Muratidis, Nikos"]
[Black "Jankovec, Ivan"]
[Result "1/2-1/2"]
[WhiteElo "2169"]
[BlackElo "2200"]
[PlyCount "105"]
[EventDate "2002.10.??"]
[EventType "team"]
[EventRounds "11"]
[EventCountry "CZE"]
[SourceTitle "EXT 2005"]
[Source "ChessBase"]
[SourceDate "2004.11.15"]
[SourceVersion "1"]
[SourceVersionDate "2004.11.15"]
[SourceQuality "1"]

1. d4 c5 2. d5 e5 3. dxe6 fxe6 4. e4 Nc6 5. Nc3 Nf6 6. Bg5 d6 7. Nf3 Be7 8. Bb5 Bd7 9. Bxf6 gxf6 10. Nh4 0-0 11. Bxc6 bxc6 12. Qd2 Rb8 13. b3 Qa5 14. Nf3 d5 15. 0-0 Qc7 16. Rfe1 d4 17. Na4 e5 18. Nb2 c4 19. Qe2 c3 20. Nd3 Kh8 21. Nh4 Rg8 22. f3 Rg5 23. g4 c5 24. Nf5 Bb5 25. h4 Rg6 26. Kh1 c4 27. bxc4 Bxc4 28. a4 Rgg8 29. Red1 Rb2 30. Qh2 Bxd3 31. Rxd3 Rgb8 32. Rad1 R8b7 33. h5 Bd8 34. h6 Qc6 35. Nxd4 Qe8 36. Nc6 Bc7 37. Rd8 Bxd8 38. Rxd8 Qxd8 39. Nxd8 Rd7 40. Nf7+ Kg8 41. Qg1 Kxf7 42. g5 fxg5 43. f4 exf4 44. Qc5 Rd2 45. Qf5+ Ke7 46. Qxh7+ Kd6 47. Qg6+ Kc7 48. Qg7+ Kb8 49. Qe5+ Kb7 50. Qe7+ Ka6 51. Qe6+ Ka5 52. Qe5+ Kxa4 53. Qe8+ 1/2-1/2

[Event "MOR-chT 0203"]
[Site "Moravia"]
[Date "2002.11.24"]
[Round "3"]
[White "Muratidis, Nikos"]
[Black "Hladik, Josef"]
[Result "0-1"]
[WhiteElo "2169"]
[BlackElo "2209"]
[PlyCount "158"]
[EventDate "2002.10.??"]
[EventType "team"]
[EventRounds "11"]
[EventCountry "CZE"]
[SourceTitle "EXT 2005"]
[Source "ChessBase"]
[SourceDate "2004.11.15"]
[SourceVersion "1"]
[SourceVersionDate "2004.11.15"]
[SourceQuality "1"]

1. Nf3 d5 2. d4 Nf6 3. c3 c6 4. Bf4 Bf5 5. Nbd2 e6 6. e3 Be7 7. Be2 h6 8. 0-0 0-0 9. h3 Nbd7 10. Ne5 Qb6 11. Qc1 Nxe5 12. Bxe5 Nd7 13. Bg3 c5 14. Nf3 Rac8 15. Ne5 Rfd8 16. Nxd7 Rxd7 17. Qd2 cxd4 18. exd4 a6 19. Bf4 Bf6 20. Rae1 Qa5 21. a3 b5 22. g4 Bg6 23. Bg3 Qd8 24. f4 Be4 25. Bf3 Bxf3 26. Rxf3 a5 27. f5 exf5 28. Rxf5 b4 29. axb4 axb4 30. Rf3 bxc3 31. Rxc3 Rxc3 32. Qxc3 Qb6 33. Be5 Bxe5 34. Rxe5 Rc7 35. Qd2 Qg6 36. Re8+ Kh7 37. Re2 Rc4 38. Rf2 Qe4 39. Qf4 Qxf4 40. Rxf4 Kg6 41. Kg2 Rb4 42. Rf2 Rxd4 43. b3 Rb4 44. Rf3 f6 45. Rd3 Rb5 46. Kf3 h5 47. gxh5+ Kxh5 48. Ke3 Kg5 49. Kd4 Kf4 50. Kc3 Ke5 51. b4 f5 52. Rg3 Rb7 53. b5 f4 54. Rg1 Rxb5 55. Rxg7 Ke4 56. Re7+ Kf3 57. h4 Kg4 58. Rf7 f3 59. h5 Kg3 60. Rg7+ Kf2 61. h6 Rb6 62. h7 Rh6 63. Kd2 d4 64. Rf7 Rh4 65. Rg7 Kf1 66. Kd1 Rh2 67. Rf7 Kf2 68. Kd2 Kg1+ 69. Kd3 f2 70. Rg7+ Rg2 71. Rf7 Rh2 72. Rg7+ Kf1 73. Re7 Rh4 74. Kd2 Rh3 75. Rg7 d3 76. Rf7 Rh1 77. Rg7 Rh2 78. Rf7 Kg1 79. Rg7+ Kh1 0-1

[Event "MOR-chT2N 0203"]
[Site "Moravia"]
[Date "2002.11.17"]
[Round "3"]
[White "Langner, Ladislav"]
[Black "Muratidis, Nikos"]
[Result "1-0"]
[WhiteElo "2398"]
[BlackElo "2169"]
[PlyCount "43"]
[EventDate "2002.10.??"]
[EventType "team"]
[EventRounds "11"]
[EventCountry "CZE"]
[SourceTitle "EXT 2006"]
[Source "ChessBase"]
[SourceDate "2005.11.24"]
[SourceVersion "1"]
[SourceVersionDate "2005.11.24"]
[SourceQuality "1"]

1. e4 e5 2. Bc4 Nc6 3. Nc3 Nf6 4. d3 Bb4 5. Nge2 d5 6. exd5 Nxd5 7. 0-0 Bxc3 8. Nxc3 Nxc3 9. bxc3 0-0 10. Qf3 Na5 11. Ba3 Nxc4 12. Bxf8 Nd2 13. Qg3 Qxf8 14. Rfd1 Qc5 15. d4 exd4 16. Rxd2 Qa5 17. Re2 Be6 18. cxd4 Rd8 19. c3 b5 20. Qg5 Rd7 21. d5 Qxc3 22. Rae1 1-0

[Event "MOR-chT 0203"]
[Site "Moravia"]
[Date "2002.10.20"]
[Round "1"]
[White "Dvorak, Tomas"]
[Black "Muratidis, Nikos"]
[Result "1/2-1/2"]
[WhiteElo "2314"]
[BlackElo "2169"]
[PlyCount "87"]
[EventDate "2002.10.??"]
[EventType "team"]
[EventRounds "11"]
[EventCountry "CZE"]
[SourceTitle "EXT 2005"]
[Source "ChessBase"]
[SourceDate "2004.11.15"]
[SourceVersion "1"]
[SourceVersionDate "2004.11.15"]
[SourceQuality "1"]

1. e4 c6 2. d4 d5 3. e5 Bf5 4. c3 e6 5. Be3 Nd7 6. Nd2 Ne7 7. f4 Bg6 8. Ngf3 Nf5 9. Bf2 h5 10. Be2 Be7 11. g3 a6 12. Kf1 Qc7 13. Kg2 h4 14. g4 h3+ 15. Kf1 Nh4 16. Bxh4 Bxh4 17. Nxh4 Rxh4 18. Rg1 f6 19. Nf3 Rh8 20. Bd3 Bxd3+ 21. Qxd3 0-0-0 22. Rg3 g5 23. fxg5 fxe5 24. Nxe5 Nxe5 25. dxe5 Qxe5 26. Qe3 Rdf8+ 27. Ke2 Qg7 28. Qxe6+ Kb8 29. Re3 Ka8 30. Rf1 Rxf1 31. Kxf1 Rf8+ 32. Ke2 Qxg5 33. Rf3 Rb8 34. Kd1 d4 35. cxd4 Qg7 36. Qe4 Rd8 37. Rd3 Qf7 38. a3 Re8 39. Qf3 Qa2 40. Kc2 Qc4+ 41. Kd2 Qb5 42. Kc3 Qa5+ 43. Kc2 Qa4+ 44. Kd2 1/2-1/2

[Event "Rymarov op"]
[Site "Rymarov"]
[Date "1999.??.??"]
[Round "?"]
[White "Michenka, Jozef"]
[Black "Muratidis, Nikos"]
[Result "1-0"]
[WhiteElo "2375"]
[BlackElo "2175"]
[PlyCount "75"]
[EventDate "1999.??.??"]
[EventType "swiss"]
[EventRounds "9"]
[EventCountry "CZE"]
[SourceTitle "EXT 2003"]
[Source "ChessBase"]
[SourceDate "2002.11.25"]
[SourceVersion "1"]
[SourceVersionDate "2002.11.25"]
[SourceQuality "1"]

1. d4 d5 2. c4 e6 3. Nc3 Nf6 4. Bg5 Nbd7 5. e3 Be7 6. Nf3 0-0 7. Rc1 c6 8. Bd3 dxc4 9. Bxc4 Nd5 10. Bxe7 Qxe7 11. 0-0 Nxc3 12. Rxc3 e5 13. Qc2 e4 14. Nd2 Nf6 15. a3 Re8 16. Rc1 Qd6 17. Qb3 Rf8 18. h3 Rb8 19. Qa2 Bd7 20. b4 g5 21. Bb3 Qe7 22. Rc5 g4 23. Re5 Qd8 24. hxg4 Nxg4 25. Rxe4 Bf5 26. Rf4 Qd7 27. Rc5 Bg6 28. Bc2 Nh6 29. Ne4 Bxe4 30. Bxe4 Rbe8 31. Rh5 Kg7 32. Rfh4 Re6 33. Qc2 Rh8 34. Qc5 Rg6 35. Qe5+ f6 36. Qf4 Nf7 37. Bxg6 hxg6 38. Rxh8 1-0